| 000 | 01411nam a22003257a 4500 | ||
|---|---|---|---|
| 003 | OSt | ||
| 005 | 20260601193859.0 | ||
| 008 | 260505b1955 agr||||| |||| 00| 0 eng d | ||
| 040 |
_aICI _bspa _cICI |
||
| 041 | _aeng | ||
| 050 | 4 |
_aN7153.B5 _bA4 2015 |
|
| 100 | 1 |
_aBill, Max, _d1908-1994, _eartista _933487 |
|
| 240 | 1 | _aObras. | |
| 245 | 1 |
_aMax Bill / _cManuel Fontán del Junco, María Toledo (eds.) ; exts by Max Bill, Jakob Bill, Karin Gimmi, Manuel Fontán del Junco, Neus Moyano, Gillermo Zuaznabar, Fernando Marzá and María Amalia García |
|
| 264 |
_aBuenos Aires : _bNueva Visión, _c1955 |
||
| 300 |
_a147 páginas : _bilustraciones (principalmente a blanco y negro) |
||
| 500 | _aCatálogo de una exposición, llevada a cabo en la Fundación Juan March, el 16 de octubre en Madrid, España | ||
| 500 | _aTexto en inglés y español | ||
| 600 | 1 |
_aBill, Max, _d1908-1994 _xExposición _933488 |
|
| 650 | 4 |
_aArte suizo _vExposiciones _ySiglo XX _933489 |
|
| 700 | 1 |
_aFontán del Junco, Manuel, |d 1963- _eeditor, _eautor _933490 |
|
| 700 | 1 |
_aToledo, María, _eeditor _933491 |
|
| 700 | 1 |
_aBill, Jakob, _eautor _933492 |
|
| 700 | 1 |
_aGimmi, Karin, _d1959- , _eautor _933493 |
|
| 700 | 1 |
_aMoyano, Neus, _eautor _933494 |
|
| 700 | 1 |
_aZuaznabar, Gillermo, _d1971- _eautor _933495 |
|
| 700 | 1 |
_aMarzá, Fernando, _eautor _933496 |
|
| 700 | 1 |
_aGarcía, María Amalia, _d1975- _eautor _933497 |
|
| 942 |
_2lcc _cB _n1 |
||
| 999 |
_c22157 _d22157 |
||